000
00308nam a22001457a 4500
020
_a
817214606x
082
_a
290 DAN
100
_a
Daniel ,p.s
245
_a
Religious Traditions of India
250
_a
first
260
_a
Delhi
_b
ISPCK
_c
2011
300
_a
368
650
_a
Religions-India
942
_c
BK
999
_c
19610
_d
19610